Medzinárodné účtovníctvo. 2 - Rakúsko
Ďalší zo seriálu článkov o hlavných zásadách účtovania vo vybraných európskych krajinách. Prispôsobovanie súčasného rakúskeho účtovníctva štandardom EÚ. Výkazy finančného účtovníctva. Zásady účtovania a zostavovania účtovných výkazov. Výkaz ziskov a strát. Činnosť rakúskej komory audítorov a daňovýc...
Enregistré dans:
| Auteur principal: | |
|---|---|
| Autres auteurs: | , |
| Format: | Chapitre de livre |
| Langue: | slovaque |
| Sujets: | |
| Tags: |
Pas de tags, Soyez le premier à ajouter un tag!
|
MARC
| LEADER | 00000naa a2200000 4500 | ||
|---|---|---|---|
| 001 | r018809 | ||
| 005 | 20221213095754.4 | ||
| 041 | 0 | |a slo | |
| 044 | |a SK | ||
| 245 | 1 | 0 | |a Medzinárodné účtovníctvo. 2 - Rakúsko |c Peter Daniel, R. Jakab, Peter Krištofík |
| 520 | |a Ďalší zo seriálu článkov o hlavných zásadách účtovania vo vybraných európskych krajinách. Prispôsobovanie súčasného rakúskeho účtovníctva štandardom EÚ. Výkazy finančného účtovníctva. Zásady účtovania a zostavovania účtovných výkazov. Výkaz ziskov a strát. Činnosť rakúskej komory audítorov a daňových poradcov. | ||
| 610 | 2 | 0 | |a Rakúsko |
| 610 | 2 | 0 | |a účtovníctvo medzinárodné |
| 610 | 2 | 0 | |a Európska únia |
| 610 | 2 | 0 | |a výkazy účtovné |
| 610 | 2 | 0 | |a účtovníctvo finančné |
| 610 | 2 | 0 | |a audítori |
| 100 | 1 | |a Daniel, Peter | |
| 700 | 1 | |a Jakab, R. | |
| 700 | 1 | |a Krištofík, Peter | |